Impact des antioxydants (vitamines C et E) sur le stress oxydatif induit par le chlorure de cadmium chez le lapin mâle (oryctolagus cuniculus) élevé en cage au Bénin (Record no. 46736)
[ view plain ]
| 000 -LEADER | |
|---|---|
| fixed length control field | 00748nam a22002177a 4500 |
| 003 - CONTROL NUMBER IDENTIFIER | |
| control field | 0 |
| 005 - DATE AND TIME OF LATEST TRANSACTION | |
| control field | 20160609165300.0 |
| 008 - FIXED-LENGTH DATA ELEMENTS--GENERAL INFORMATION | |
| fixed length control field | 100118t xxu||||| |||| 00| 0 eng d |
| 040 ## - SOURCE DU CATALOGAGE | |
| Original cataloging agency | BUAC |
| Language of cataloging | F |
| Transcribing agency | BEPAC |
| 082 ## - DEWEY DECIMAL CLASSIFICATION NUMBER | |
| Classification number | 27.ABM/ADE |
| 100 ## - VEDETTE PRINCIPALE - NOM DE PERSONNE | |
| Personal name | Adediran ,Y Amal |
| 9 (RLIN) | 2858 |
| 245 ## - TITLE STATEMENT | |
| Title | Impact des antioxydants (vitamines C et E) sur le stress oxydatif induit par le chlorure de cadmium chez le lapin mâle (oryctolagus cuniculus) élevé en cage au Bénin |
| 260 ## - PUBLICATION, DISTRIBUTION, ETC. (IMPRINT) | |
| Place of publication, distribution, etc | EPAC |
| Name of publisher, distributor, etc | BIBLIO |
| Date of publication, distribution, etc | 2007-2008 |
| 300 ## - PHYSICAL DESCRIPTION | |
| Extent | II-99p |
| Dimensions | 29cm |
| 500 ## - GENERAL NOTE | |
| General note | Mem Ecole Polytechnique d'Abomey-Calavi<br/>2008 |
| 650 ## - SUBJECT ADDED ENTRY--TOPICAL TERM | |
| Topical term or geographic name as entry element | STRESS ANTIOXYDANT |
| 9 (RLIN) | 2859 |
| 650 ## - SUBJECT ADDED ENTRY--TOPICAL TERM | |
| Topical term or geographic name as entry element | LAPIN |
| 9 (RLIN) | 2859 |
| 700 ## - ADDED ENTRY--PERSONAL NAME | |
| Personal name | Hounsounnou, M. Sylvain |
| 9 (RLIN) | 11540 |
| 700 ## - ADDED ENTRY--PERSONAL NAME | |
| Personal name | Santos , A. Estas |
| 9 (RLIN) | 11541 |
| 942 ## - ADDED ENTRY ELEMENTS (KOHA) | |
| Koha item type | Thèse et Memoire |
| Withdrawn status | Lost status | Damaged status | Not for loan | Location (home branch) | Sublocation or collection (holding branch) | Date acquired | Source of acquisition | Koha issues (times borrowed) | Koha full call number | Piece designation (barcode) | Koha date last seen | Copy number | Price effective from | Koha item type |
|---|---|---|---|---|---|---|---|---|---|---|---|---|---|---|
| Bibliothèque Ecole Polytechnique d'Abomey-Calavi | Bibliothèque Ecole Polytechnique d'Abomey-Calavi | 24/11/2010 | Dépot légal | 27./ABM/ADE | M16149EPAC | 24/11/2010 | 1 | 24/11/2010 | Thèse et Memoire | |||||
| Bibliothèque Ecole Polytechnique d'Abomey-Calavi | Bibliothèque Ecole Polytechnique d'Abomey-Calavi | 24/11/2010 | Dépot légal | 27./ABM/ADE | M16150EPAC | 24/11/2010 | 2 | 24/11/2010 | Thèse et Memoire | |||||
| Bibliothèque Ecole Polytechnique d'Abomey-Calavi | Bibliothèque Ecole Polytechnique d'Abomey-Calavi | 24/11/2010 | Dépot légal | 27./ABM/ADE | M16151EPAC | 24/11/2010 | 3 | 24/11/2010 | Thèse et Memoire |